000 00294nam a22001337a 4500
003 SGT
020 _a9780963724252
082 _bSTE
100 _aSTEWART, CHARLES
245 _aWEAPONS OF MASS CASSUALTIES AND TERRORISM
260 _bJOHN & BARTLETT
_c2006
300 _a286
942 _2ddc
_cBK
999 _c15809
_d15809